000 00614nam a2200193 i 4500
001 127409
003 ES-MaACL
005 20230906193018.0
007 t|
008 070214s1932 sp r ||||1| spa d
100 1 _aRiera, Francisco Javier
_c(agrónomo)
_997102
245 1 3 _aEl alforfón
_b: su origen, historia, biología, cultivo y aplicaciones /
_cFrancisco Javier Riera.
260 _aBarcelona :
_bSalvat,
_c1932.
300 _a302 p. :
_bil. ;
_c21 cm.
490 1 _aBiblioteca agrícola salvat
830 0 _aBiblioteca agrícola salvat
_9181672
852 _aES-MaACL
_jA-1121
999 _c127409
_d127409